Statistics for Rennes Scorers in Ligue 1 2019-20

Click here to take the quiz!

General Stats

  • This quiz has been taken 57 times
  • The average score is 6 of 12

Answer Stats

PlayerGoals% Correct
Benjamin Bourigeaud2
91%
M'Baye Niang10
83%
Eduardo Camavinga1
72%
Adrien Hunou8
63%
Damien Da Silva1
61%
Raphinha5
50%
Clément Grenier1
46%
Flavien Tait2
46%
Faitout Maouassa3
44%
Romain Del Castillo2
39%
Jérémy Morel1
24%
Yann Gboho1
24%

Score Distribution

Percentile by Number Answered

Percent of People with Each Score

Your Score History

You have not taken this quiz